00488 a2200169 450000100060000002000250000604000370003110000300006824000250009824500230012330000100014636200090015665000240016594200070018995201050019699900170030175650 a8573113561 (broch.). cAnchieta - Colégio São Paulo aAlves, Maria Helena Hees.10aA casa que andava l10aA casa que andava  a229. 0 a1996 4aLiteratura infantil cBK 00104070a88.1b88.1d2023-11-22l0oLI 028.5 A474cp7373/CSPr2023-11-22 14:33:13w2023-11-22yBK c75650d75650